| 000 | 01211cam a2200349 4500 | ||
|---|---|---|---|
| 008 | 090401t1998 xxu||||| |||| 00| 0 eng d | ||
| 020 | _a0854068708 | ||
| 035 | _a(Sirsi) u84823 | ||
| 041 | _aeng | ||
| 050 | _a333.332 | ||
| 110 |
_aRoyal Institution of Chartered Surveyors _94900 |
||
| 245 | _aUsing asset pricing models to value property interests : a study of the impact of changing business patterns on the property market. | ||
| 260 |
_aLondon _bRICS _c1998 |
||
| 300 | _a36p. ; 30cm. | ||
| 350 | _a9.95 | ||
| 490 |
_aRight Space: Right Price _v3 |
||
| 520 | _aOne of six working papers for the Right Space: Right Price research project. Report undertaken for the RICS by the University of Reading and DTZ Debenham Thorpe. | ||
| 650 | _aCAPITAL ASSET PRICING MODEL | ||
| 650 | _aCONTINGENT PRICING MODELS | ||
| 650 | _aDISCOUNTED CASH FLOW | ||
| 650 | _aPROPERTY MARKET | ||
| 650 | _aPROPERTY VALUATION | ||
| 650 | _aVALUATION METHODS | ||
| 690 | _aRATING AND VALUATION | ||
| 700 | _aWard, Charles | ||
| 700 | _aCrosby, Neil | ||
| 700 | _aLizieri, Colin | ||
| 710 |
_aUniversity of Reading _93273 |
||
| 710 |
_aDTZ Debenham Thorpe _92895 |
||
| 942 | _n0 | ||
| 948 | _c12/03/1998 | ||
| 999 |
_c96981 _d96981 |
||